Final cut Pro X 10.4 :professional post-production / (Record no. 4068)

000 -LEADER
fixed length control field 01924cam a22004577i 4500
001 - CONTROL NUMBER
control field 20709049
003 - CONTROL NUMBER IDENTIFIER
control field OSt
005 - DATE AND TIME OF LATEST TRANSACTION
control field 20190228105109.0
008 - FIXED-LENGTH DATA ELEMENTS--GENERAL INFORMATION
fixed length control field 181017t20192019caua 001 0 eng d
010 ## - LIBRARY OF CONGRESS CONTROL NUMBER
LC control number 2018288858
020 ## - INTERNATIONAL STANDARD BOOK NUMBER
International Standard Book Number 0135171733
Qualifying information paperback
020 ## - INTERNATIONAL STANDARD BOOK NUMBER
International Standard Book Number 9780135171738
Qualifying information paperback
035 ## - SYSTEM CONTROL NUMBER
System control number (OCoLC)on1020025079
040 ## - CATALOGING SOURCE
Original cataloging agency YDX
Language of cataloging eng
Transcribing agency YDX
Description conventions rda
Modifying agency BDX
-- YDX
-- OCLCO
-- DLC
042 ## - AUTHENTICATION CODE
Authentication code lccopycat
050 00 - LIBRARY OF CONGRESS CALL NUMBER
Classification number TR899.B688 2019
082 04 - DEWEY DECIMAL CLASSIFICATION NUMBER
Classification number 777/.55
Edition number 23
100 1# - MAIN ENTRY--PERSONAL NAME
Personal name Boykin, Brendan,
Relator term author.
245 10 - TITLE STATEMENT
Title Final cut Pro X 10.4 :professional post-production /
Statement of responsibility, etc Brendan Boykin.
246 3# - VARYING FORM OF TITLE
Title proper/short title Apple Pro training series.
Name of part/section of a work Final cut Pro X 10.4 :
Remainder of title professional post-production
246 30 - VARYING FORM OF TITLE
Title proper/short title Professional post-production
260 ## - PUBLICATION, DISTRIBUTION, ETC. (IMPRINT)
Place of publication, distribution, etc USA
Name of publisher, distributor, etc Pearson Education Inc
Date of publication, distribution, etc 2019
300 ## - PHYSICAL DESCRIPTION
Extent viii, 517 pages :
Other physical details color illustrations ;
Dimensions 24 cm.
490 1# - SERIES STATEMENT
Series statement Apple Pro training series
500 ## - GENERAL NOTE
General note At head of title: Apple Pro training series.
500 ## - GENERAL NOTE
General note "Apple certified".
500 ## - GENERAL NOTE
General note Place of publication taken from publisher's Web site.
500 ## - GENERAL NOTE
General note Includes index.
505 0# - FORMATTED CONTENTS NOTE
Formatted contents note Getting started -- Importing media -- Organizing clips -- Making the first edit -- Revising the edit -- Enhancing the edit -- Fnishing the edit -- Sharing a project -- Managing libraries -- Advancing your workflow -- Appendix. A: Keyboard short cuts ; B: Editing native formats ; C: Checkpoints -- Index.
630 00 - SUBJECT ADDED ENTRY--UNIFORM TITLE
Uniform title Final cut (Electronic resource)
630 07 - SUBJECT ADDED ENTRY--UNIFORM TITLE
Uniform title Final cut (Electronic resource)
Source of heading or term fast
650 #0 - SUBJECT ADDED ENTRY--TOPICAL TERM
Topical term or geographic name as entry element Motion pictures
General subdivision Editing
Form subdivision Software.
650 #0 - SUBJECT ADDED ENTRY--TOPICAL TERM
Topical term or geographic name as entry element Video recordings
Form subdivision Software.
650 #7 - SUBJECT ADDED ENTRY--TOPICAL TERM
Topical term or geographic name as entry element Motion pictures
General subdivision Editing.
Source of heading or term fast
650 #7 - SUBJECT ADDED ENTRY--TOPICAL TERM
Topical term or geographic name as entry element Video recordings.
Source of heading or term fast
655 #7 - INDEX TERM--GENRE/FORM
Genre/form data or focus term Software.
Source of term fast
830 #0 - SERIES ADDED ENTRY--UNIFORM TITLE
Uniform title Apple Pro training series.
906 ## - LOCAL DATA ELEMENT F, LDF (RLIN)
a 7
b cbc
c copycat
d 2
e ncip
f 20
g y-gencatlg
942 ## - ADDED ENTRY ELEMENTS (KOHA)
Source of classification or shelving scheme
Koha item type Book
Holdings
Withdrawn status Lost status Source of classification or shelving scheme Damaged status Not for loan Home library Current library Shelving location Date acquired Total Checkouts Full call number Barcode Date last seen Copy number Price effective from Koha item type
          Riara University Library Riara University Library General stack 28/02/2019   TR899.B688 2019 10163/19 28/02/2019 C.1 28/02/2019 Book
          Riara University Library Riara University Library General stack 28/02/2019   TR899.B688 2019 10164/19 28/02/2019 C.2 28/02/2019 Book

Riara University Library,
P.O. Box 49940-00100,
Nairobi, Kenya.